Welcome to CU Library Online Public Access Catalogue (OPAC)

Emerging information technologies : (Record no. 3568)

MARC details
000 -LEADER
fixed length control field 01039pam a22002654a 4500
001 - CONTROL NUMBER
control field 3574209
005 - DATE AND TIME OF LATEST TRANSACTION
control field 20250207172228.0
008 - FIXED-LENGTH DATA ELEMENTS--GENERAL INFORMATION
fixed length control field 990128s1999 caua b 001 0 eng
020 ## - INTERNATIONAL STANDARD BOOK NUMBER
International Standard Book Number 0761917489 (alk. paper)
020 ## - INTERNATIONAL STANDARD BOOK NUMBER
International Standard Book Number 0761917497 (pbk.)
020 ## - INTERNATIONAL STANDARD BOOK NUMBER
International Standard Book Number 9780761917496
050 00 - LIBRARY OF CONGRESS CALL NUMBER
Classification number HC79.I55
Item number E435 1999
082 00 - DEWEY DECIMAL CLASSIFICATION NUMBER
Classification number 658.4/038/011
Edition information 21
245 00 - TITLE STATEMENT
Title Emerging information technologies :
Remainder of title improving decisions, cooperation, and infrastructure /
Statement of responsibility, etc. Kenneth E. Kendall, editor.
260 ## - PUBLICATION, DISTRIBUTION, ETC.
Place of publication, distribution, etc. Thousand Oaks, Calif. :
Name of publisher, distributor, etc. Sage Publications,
Date of publication, distribution, etc. c1999.
300 ## - PHYSICAL DESCRIPTION
Extent x, 373 p. :
Other physical details ill. ;
Dimensions 24 cm.
650 #0 - SUBJECT ADDED ENTRY--TOPICAL TERM
Topical term or geographic name entry element Information technology
General subdivision Social aspects.
650 #0 - SUBJECT ADDED ENTRY--TOPICAL TERM
Topical term or geographic name entry element Decision support systems.
650 #0 - SUBJECT ADDED ENTRY--TOPICAL TERM
Topical term or geographic name entry element Management information systems.
650 #0 - SUBJECT ADDED ENTRY--TOPICAL TERM
Topical term or geographic name entry element Information technology.
700 1# - ADDED ENTRY--PERSONAL NAME
Personal name Kendall, Kenneth E.,
Dates associated with a name 1948-
856 42 - ELECTRONIC LOCATION AND ACCESS
Materials specified Publisher description
Uniform Resource Identifier <a href="http://www.loc.gov/catdir/enhancements/fy0656/99006076-d.html">http://www.loc.gov/catdir/enhancements/fy0656/99006076-d.html</a>
856 41 - ELECTRONIC LOCATION AND ACCESS
Materials specified Table of contents only
Uniform Resource Identifier <a href="http://www.loc.gov/catdir/enhancements/fy0656/99006076-t.html">http://www.loc.gov/catdir/enhancements/fy0656/99006076-t.html</a>
942 ## - ADDED ENTRY ELEMENTS (KOHA)
Source of classification or shelving scheme Library of Congress Classification
Koha item type Books
Suppress in OPAC No
999 ## -
-- 3568
-- 3568
Holdings
Withdrawn status Lost status Source of classification or shelving scheme Damaged status Not for loan Collection Home library Current library Shelving location Date acquired Total checkouts Full call number Barcode Date last seen Copy number Price effective from Koha item type
    Library of Congress Classification     Non-fiction Business Library (Miotso) Business Library (Miotso) General stacks 02/07/2025   HC79.I55 E435 1999 BSSM00000730 02/07/2025 1 02/07/2025 Books
    Library of Congress Classification     Non-fiction Business Library (Miotso) Business Library (Miotso) General stacks 02/07/2025   HC79.I55 E435 1999 BSSM00000731 02/07/2025 2 02/07/2025 Books
© 2023-2024 Copyright: Central University Libraries. All Rights Reserved | Created by: Mahone Tech Office